1923 1418 1168 1225 1541 1106 1172 1968 1864 1488 1917 1625 1248 1724 1965 1878 1828 1241 1452 1050 1611 1545 1611 1646 1768 1155 1498 1031 1829 1461 1798 1681 1635 1622 1389 1079 1829 1783 1137 1914 1562 1590 1849 1806 1377 1472 1606 1801 1075 1328 1095 1464 1031 1365 1675 1074 1348 1296 1286 1875 1369 1839 1499 1216 1062 1038 1952 1083 1749 1153 1727 1660 1892 1271 1059 1841 1492 1405 1318 1565 1165 1540 1104 1101 1071 1276 1482 1873 1894 1552 1289 1382 1071 1771 1408 1771 1939 1692 1934 BCNSPRNW ULIB Ver.6.0+V

เปลี่ยนเป็นภาษาไทย

Change to English
 แสดงรายละเอียดบรรณานุกรม
  กลับหน้าหลัก

Brief Record : Get Marc (ISO 2709) : E-mail record : QR code < ปิดหน้าต่าง
LEADER : 00000nam 2200000uu 4500
001    13399126802
003     ULIB
008    190306s2561||||th 000 0 tha d
020    ^a9786164559059
050    ^aนว^bม145ด
100    ^aมนต์ภวัน
245    ^aดวงใจเหมรัฐ/^cมนต์ภวัน
260    ^aกรุงเทพฯ :^bกัญณศมนต์ กะมุทา,^c2561
300    ^a479 หน้า;^b25 ซม.
650    ^aนวนิยาย
945    ^p0^l0^i27297
999    ^aกัณชพร จุลอักษร
รายการนี้ยังไม่มีแท็ก
คุณยังไม่ได้ล็อกอิน คุณสามารถมีกิจกรรมร่วมกับเว็บไซต์ได้ แต่ต้องล็อกอินก่อน ::
  ล็อกอิน

รายการสื่อสารสนเทศ

ลำดับที่ ประเภท เลขเรียก/บาร์โค้ด สถานที่ สถานะ
1. วิทยาศาสตร์การแพทย์ และสุขภาพ
วิทยาศาสตร์การแพทย์ และสุขภาพ
นว ม145ด ฉ.1 
  Barcode: 27297
ห้องสมุดวิทยาเขตสวรรค์ประชารักษ์
►นวนิยาย
บนชั้น
  ขอยืม

รายการใกล้เคียง
    ผู้แต่ง [มนต์ภวัน]

    หัวเรื่อง [นวนิยาย]

BibComment


ยังไม่เคยถูกคอมเมนท์

คอมเมนท์ทรัพยากรรายการนี้
  คอมเมนท์: ดวงใจเหมรัฐ มนต์..


 Copyright 2026. Bcnsprnw @Library